Bezdrôtový prenos informácií - aplikácia v PC : Diplomová práca

Enregistré dans:
Détails bibliographiques
Auteur principal: Chylý, Miroslav (Auteur)
Autres auteurs: Halama, Juraj (xxx)
Format: Manuscrit Livre
Langue:slovaque
Publié: Trnava : STU v Bratislave MtF KAIA, 1997
Sujets:
Tags: Ajouter un tag
Pas de tags, Soyez le premier à ajouter un tag!

MARC

LEADER 00000ntm a22000003a 4500
001 stu74443
005 20160719155058.6
008 020228s1997----xo------------------slo-d
040 |a STU  |b slo 
041 0 |a slo 
044 |a xo 
100 1 |a Chylý, Miroslav  |4 aut 
245 1 |a Bezdrôtový prenos informácií - aplikácia v PC :  |b Diplomová práca 
260 |a Trnava :  |b STU v Bratislave MtF KAIA,  |c 1997 
300 |a 51 s  |c výťah 
650 7 |a Informácie-prenos bezdrôtový  |2 stusub 
650 7 |a Strojárska aplikovaná informatika  |2 stusub 
700 1 |a Halama, Juraj  |4 xxx 
996 |b 284M041805  |c M*DP-1105  |l MMSKP  |s P  |a 0  |w stu74443_0001